000 00921nam a22002897a 4500
003 DO-SdBNP
005 20260513113545.0
008 161031b 2006 xxu a 1 00| 0 spa d
020 _a0765277468
040 _aBPMSU
_bspa
_cBPMSU
082 0 4 _a363.7
_bB627b 2006
_222
100 1 _aBlackaby, Susan
_eautora
_4aut.
245 1 0 _a¡Baja el volumen! /
_cSusan Blackaby
264 _aEstados Unidos :
_bCelebration Press,
_bPearson Learning Group ,
_c2006.
300 _a32 páginas :
_bilustración ;
_c25 cm.
336 _atexto
_btxt
_2rdacontent
337 _asin mediación
_bn
_2rdamedia
338 _avolumen
_bnc
_2rdacarrier
490 0 _aiOpeners
500 _aIncluye índice
500 _aIncluye glosario
590 _aInventariado, 2026/VM
650 7 _aContaminación por ruido
650 7 _aRuido
_xEfectos fisiológicos
910 _aVMateo V. Control de calidad. BPMSU
942 _2ddc
_cBK
999 _c12611
_d12611